000 00312nam a2200097Ia 4500
008 220120s9999||||xx |||||||||||||| ||und||
100 _aMadhusudhan and others
_912520
245 0 _aThermoelectric control using peltier effect
260 _aCoorg Institute of Technology
_bPonnampet
_c2008
650 _aCOMPUTER SCIENCE
999 _c138118
_d138118